[Event "Rated Blitz game"]
[Site "?"]
[Date "2021.04.19"]
[Round "?"]
[White "Pasiggenius"]
[Black "anjaya01"]
[Result "1/2-1/2"]
[WhiteElo "2314"]
[BlackElo "2418"]
[PlyCount "131"]
[EventDate "2021.??.??"]
[EventType "blitz"]

1. e4 e5 2. Nf3 d5 3. d3 Bd6 4. Be2 f5 5. exd5 Nf6 6. c4 c5 7. O-O O-O 8. Nc3
a6 9. Ne1 f4 10. Bf3 Bf5 11. Ne4 Nxe4 12. Bxe4 Bxe4 13. dxe4 b6 14. f3 Ra7 15.
Nd3 g5 16. Kh1 h5 17. Rg1 g4 18. g3 Rg7 19. gxf4 Qh4 20. fxe5 Rxf3 21. exd6 g3
22. Rg2 Qxe4 23. Bh6 Rxd3 24. Qxh5 Rg6 25. Rag1 Nd7 26. Qxg6+ Qxg6 27. Rxg3
Rxg3 28. Rxg3 Qxg3 29. hxg3 Kh7 30. Bf4 Kg6 31. Kg2 Kf5 32. Kf3 b5 33. g4+ Kf6
34. b3 bxc4 35. bxc4 Nb6 36. Be3 Nxc4 37. Bxc5 Ne5+ 38. Kg3 Nd7 39. Bd4+ Kg5
40. Kf3 Kg6 41. Kf4 Nb8 42. Ke5 Kf7 43. g5 Nd7+ 44. Kf5 Nf8 45. a3 a5 46. a4
Nd7 47. Bc3 Nb6 48. g6+ Kg8 49. Ke6 Nxa4 50. d7 Nc5+ 51. Ke7 Nxd7 52. Kxd7 a4
53. Bb4 Kg7 54. Kc6 Kxg6 55. Kb5 Kf5 56. Kxa4 Ke5 57. d6 Ke6 58. Kb5 Kd7 59.
Kc5 Kd8 60. Kd5 Kc8 61. Ke6 Kd8 62. d7 Kc7 63. Bd6+ Kc6 64. d8=Q Kb5 65. Qc7
Ka4 66. Qb6 {Normal} 1/2-1/2

[Event "Rated Blitz game"]
[Site "?"]
[Date "2021.04.19"]
[Round "?"]
[White "EndritUruci"]
[Black "Jomajo"]
[Result "1-0"]
[WhiteElo "2562"]
[BlackElo "2640"]
[PlyCount "121"]
[EventDate "2021.??.??"]
[EventType "blitz"]

1. e4 e5 2. Nf3 d5 3. d3 dxe4 4. dxe4 Qxd1+ 5. Kxd1 Bg4 6. Nbd2 Nd7 7. h3 Bh5
8. g4 Bg6 9. Bd3 f6 10. Nb3 a5 11. a4 Ne7 12. Ke2 Nc8 13. Be3 Nd6 14. Nfd2 b6
15. f3 Bf7 16. Rhd1 O-O-O 17. c4 Nb7 18. Rac1 Bb4 19. Nb1 Be8 20. Nc3 Nb8 21.
Nb5 Bxb5 22. cxb5 Nd7 23. Bc4 Ndc5 24. Nxc5 Bxc5 25. Bd5 Bxe3 26. Bxb7+ Kxb7
27. Kxe3 Kc8 28. h4 Rd7 29. Rxd7 Kxd7 30. Rd1+ Ke6 31. Rc1 Kd7 32. Rc4 Rd8 33.
Rc3 Rc8 34. Rd3+ Ke6 35. Rc3 Kd6 36. Rc6+ Kd7 37. Kd3 Re8 38. Rc4 Re6 39. Rc3
Kc8 40. Ke3 Re8 41. f4 exf4+ 42. Kxf4 h6 43. Rd3 Re5 44. h5 Rc5 45. b3 Re5 46.
Rd5 Re7 47. Kf5 Kb7 48. e5 fxe5 49. Rxe5 Rd7 50. Kg6 Rd4 51. g5 hxg5 52. Rxg5
Rd3 53. Kxg7 Rxb3 54. h6 c5 55. bxc6+ Kxc6 56. h7 Rh3 57. Rg6+ Kc5 58. Rh6 Rg3+
59. Kf8 Rf3+ 60. Ke8 Re3+ 61. Kd8 {Normal} 1-0

[Event "Rated Blitz game"]
[Site "?"]
[Date "2021.04.19"]
[Round "?"]
[White "Pmrsoea"]
[Black "Jomajo"]
[Result "1-0"]
[WhiteElo "2483"]
[BlackElo "2636"]
[PlyCount "137"]
[EventDate "2021.??.??"]
[EventType "blitz"]

1. e4 e5 2. Nf3 d5 3. d4 dxe4 4. Nxe5 Bd6 5. Nc4 Nf6 6. Nc3 Nc6 7. Be3 O-O 8.
Nxd6 Qxd6 9. Be2 Bf5 10. Qd2 Nd5 11. Nxd5 Qxd5 12. g4 Bg6 13. h4 h5 14. gxh5
Bxh5 15. c4 Qf5 16. Rg1 Bxe2 17. Qxe2 Rfd8 18. O-O-O Nb4 19. Qg4 Qxg4 20. Rxg4
Nxa2+ 21. Kb1 Nb4 22. Rdg1 g6 23. h5 Rd6 24. d5 f5 25. Rg5 Nd3 26. Rxf5 Rf8 27.
Rxf8+ Kxf8 28. Rxg6 Rxg6 29. hxg6 Kg7 30. Kc2 Kxg6 31. Bxa7 Kf5 32. Be3 Ne5 33.
Kc3 Ng4 34. b4 Ne5 35. c5 Nd3 36. Kc4 c6 37. d6 Ne5+ 38. Kc3 Ke6 39. Kd4 Kf5
40. Bd2 Nf3+ 41. Ke3 Ne5 42. Bc3 Nd7 43. Bd4 Nb8 44. Bb2 Nd7 45. Bc3 Nb8 46. f3
exf3 47. Kxf3 Nd7 48. Kg3 Ke4 49. Kg4 Kd3 50. Be1 b6 51. cxb6 Nxb6 52. Bf2 Nd7
53. Kf5 Kc4 54. Bc5 Kd5 55. Kg5 Ke6 56. Kg6 Ne5+ 57. Kg7 Kd7 58. Kf8 Nc4 59.
Kf7 Nxd6+ 60. Kf6 Nb7 61. Ke5 Nd8 62. Kd4 Ne6+ 63. Kc4 Nc7 64. Bb6 Nb5 65. Bc5
Nd6+ 66. Kd4 Nb7 67. Ke5 Kc7 68. Ke6 Nxc5+ 69. bxc5 {Time forfeit} 1-0

[Event "Rated Blitz game"]
[Site "?"]
[Date "2021.04.18"]
[Round "?"]
[White "RamleeFischer"]
[Black "magos33"]
[Result "1-0"]
[WhiteElo "2248"]
[BlackElo "2411"]
[PlyCount "83"]
[EventDate "2021.??.??"]
[EventType "blitz"]

1. e4 e5 2. Nf3 d5 3. exd5 e4 4. Ne5 Qxd5 5. d4 exd3 6. Nxd3 Nf6 7. Nc3 Qa5 8.
Bd2 c6 9. Qe2+ Be7 10. O-O-O Be6 11. Kb1 O-O 12. Nf4 Qf5 13. g3 Bc5 14. Bh3
Qxh3 15. Nxh3 Bxh3 16. Ne4 Nxe4 17. Qxe4 Nd7 18. Bc3 Be6 19. Rxd7 Bxd7 20. Qe5
f6 21. Qxc5 Be6 22. Re1 Rae8 23. Bb4 Bd5 24. b3 b6 25. Qd6 a5 26. Bc3 Rxe1+ 27.
Bxe1 Re8 28. Bc3 a4 29. Kb2 b5 30. h4 h5 31. Qf4 Re4 32. Qb8+ Kh7 33. Qc7 Re6
34. f3 Bxf3 35. Qf4 Bd5 36. g4 hxg4 37. Qxg4 Re4 38. Qf5+ Kg8 39. h5 Rh4 40.
Bxf6 gxf6 41. Qxf6 Bf7 42. Qxh4 {Normal} 1-0

[Event "Rated Blitz game"]
[Site "?"]
[Date "2021.04.18"]
[Round "?"]
[White "Babnik"]
[Black "annaly1979"]
[Result "1-0"]
[WhiteElo "2473"]
[BlackElo "2441"]
[PlyCount "101"]
[EventDate "2021.??.??"]
[EventType "blitz"]

1. e4 e5 2. Nf3 d5 3. Nxe5 Qe7 4. d4 f6 5. Nd3 Nc6 6. Qh5+ Qf7 7. Qxf7+ Kxf7 8.
exd5 Nxd4 9. Kd1 Bd6 10. Be3 Nf5 11. c4 b6 12. Nc3 Nge7 13. Nb5 Bd7 14. Nxd6+
Nxd6 15. b3 Nef5 16. Be2 Rhe8 17. Bf4 Ne4 18. Re1 Nc3+ 19. Kd2 Nxe2 20. Rxe2
Rxe2+ 21. Kxe2 Re8+ 22. Kd2 c6 23. dxc6 Bxc6 24. f3 g5 25. Bg3 h5 26. Re1 Rxe1
27. Bxe1 Ke6 28. Bf2 h4 29. h3 Ne7 30. a4 Ng6 31. a5 bxa5 32. Bxa7 a4 33. bxa4
Bxa4 34. Nc5+ Ke5 35. Nxa4 Kd6 36. Be3 Kc6 37. Kc3 Ne5 38. Bd4 Nd7 39. Kb4 f5
40. c5 Kd5 41. Be3 f4 42. Bf2 Ne5 43. Nc3+ Kc6 44. Ka5 Nd3 45. Bg1 Nxc5 46.
Bxc5 Kxc5 47. Ne4+ Kd4 48. Nxg5 Ke3 49. Kb4 Kf2 50. Kc4 Kxg2 51. Kd4 {Normal}
1-0

[Event "Rated Blitz game"]
[Site "?"]
[Date "2021.04.18"]
[Round "?"]
[White "flo50"]
[Black "annaly1979"]
[Result "1-0"]
[WhiteElo "2483"]
[BlackElo "2438"]
[PlyCount "61"]
[EventDate "2021.??.??"]
[EventType "blitz"]

1. e4 e5 2. Nf3 d5 3. exd5 e4 4. Qe2 f5 5. d3 Nf6 6. Nc3 Bb4 7. Bd2 Bxc3 8.
Bxc3 O-O 9. dxe4 fxe4 10. Ne5 Nbd7 11. O-O-O Nxe5 12. Bxe5 Ng4 13. Bg3 Bf5 14.
Kb1 b5 15. Qxb5 Rb8 16. Qc4 Kh8 17. h3 Rxb2+ 18. Kxb2 Qf6+ 19. Qd4 Rb8+ 20. Ka1
Qh6 21. Bc4 Nf6 22. Bxc7 Rb4 23. Bd6 Rb7 24. Be5 Rd7 25. d6 Qg6 26. g4 Bxg4 27.
hxg4 Qxg4 28. Bxf6 Rxd6 29. Bxg7+ Qxg7 30. Qxg7+ Kxg7 31. Rxd6 {Normal} 1-0

[Event "Rated Blitz game"]
[Site "?"]
[Date "2021.04.18"]
[Round "?"]
[White "nest2016"]
[Black "DarthZannah"]
[Result "0-1"]
[WhiteElo "2347"]
[BlackElo "2480"]
[PlyCount "86"]
[EventDate "2021.??.??"]
[EventType "blitz"]

1. e4 e5 2. Nf3 d5 3. Nxe5 dxe4 4. d4 Nd7 5. Nc4 Nb6 6. Nc3 f5 7. Bf4 c6 8. Be5
Nf6 9. f3 Be6 10. Nxb6 axb6 11. fxe4 fxe4 12. Be2 Be7 13. Bh5+ g6 14. Be2 O-O
15. O-O b5 16. a3 Qb6 17. Kh1 Rad8 18. Qe1 Nd7 19. Nxe4 Nxe5 20. dxe5 Qd4 21.
Nf6+ Bxf6 22. exf6 Rxf6 23. Rxf6 Qxf6 24. Bd3 Bd5 25. Qb4 Qf2 26. Qg4 Re8 27.
Qg3 Qxg3 28. hxg3 Re3 29. Kg1 Rxg3 30. Bf1 Kf7 31. Rd1 Ke7 32. Rd2 Re3 33. Kf2
Re5 34. Bd3 Kf6 35. Kg1 h5 36. c3 g5 37. Be2 g4 38. Kf2 Kg5 39. Bd3 h4 40. Re2
g3+ 41. Kf1 Rxe2 42. Bxe2 Kf4 43. Bh5 Ke3 {Normal} 0-1

[Event "Rated Blitz game"]
[Site "?"]
[Date "2021.04.18"]
[Round "?"]
[White "Larifari1"]
[Black "anjaya01"]
[Result "0-1"]
[WhiteElo "2332"]
[BlackElo "2412"]
[PlyCount "94"]
[EventDate "2021.??.??"]
[EventType "blitz"]

1. e4 e5 2. Nf3 d5 3. exd5 Bd6 4. d4 e4 5. Ne5 Nd7 6. Nc4 f5 7. f3 Ngf6 8. Nc3
O-O 9. Bg5 h6 10. Bh4 g5 11. Bf2 a6 12. Qd2 Bf4 13. Be3 Bxe3 14. Nxe3 f4 15.
Nf5 e3 16. Qd3 h5 17. Nh6+ Kg7 18. Nf5+ Kg8 19. h4 g4 20. Nh6+ Kg7 21. Nf5+ Kh8
22. g3 gxf3 23. gxf4 Ng4 24. O-O-O b5 25. Nxe3 Nb6 26. Qg6 Nxe3 27. Qxh5+ Kg8
28. Qg6+ Kh8 29. Qh6+ Kg8 30. Rg1+ Bg4 31. Bd3 Rf7 32. Ne4 f2 33. Qg6+ Rg7 34.
Nf6+ Qxf6 35. Qxf6 Nxd1 36. Rxg4 Rxg4 37. Qe6+ Kf8 38. Qxg4 Ne3 39. Qe6 Re8 40.
Qf6+ Kg8 41. Qg6+ Kf8 42. Qf6+ Kg8 43. Kd2 Nbc4+ 44. Kc3 a5 45. a3 Nd1+ 46. Kb3
Ndxb2 47. Qg6+ Kf8 {Time forfeit} 0-1

[Event "Rated Blitz tournament Yjkrb4m2"]
[Site "?"]
[Date "2021.04.18"]
[Round "?"]
[White "ElDek"]
[Black "BillyBouwmans"]
[Result "1-0"]
[WhiteElo "2423"]
[BlackElo "2215"]
[PlyCount "81"]
[EventDate "2021.??.??"]
[EventType "blitz"]

1. e4 e5 2. Nf3 d5 3. Nxe5 Bd6 4. d4 dxe4 5. Be2 Bxe5 6. dxe5 Qxd1+ 7. Bxd1 Nc6
8. Nc3 Bf5 9. Bf4 Nge7 10. g4 Bg6 11. e6 fxe6 12. Bxc7 Nd4 13. O-O O-O 14. Bg3
Nd5 15. Ne2 Nf3+ 16. Kg2 Nf6 17. h3 h5 18. Nf4 Kh7 19. Nxe6 Nd2 20. Nxf8+ Rxf8
21. Re1 hxg4 22. hxg4 Nd5 23. c3 Nc4 24. Bb3 b5 25. Rad1 Nf6 26. g5 Ng4 27. Rd5
a6 28. Bxc4 bxc4 29. Rd6 a5 30. Rh1+ Kg8 31. Rxg6 e3 32. f3 e2 33. fxg4 Kf7 34.
Ra6 Re8 35. Re1 Re3 36. Ra7+ Kg6 37. Kf2 Re7 38. Rxe2 Rxa7 39. Bf4 a4 40. a3
Rc7 41. Bxc7 {Normal} 1-0

[Event "Rated Blitz game"]
[Site "?"]
[Date "2021.04.18"]
[Round "?"]
[White "Kcerov"]
[Black "Jomajo"]
[Result "0-1"]
[WhiteElo "2558"]
[BlackElo "2615"]
[PlyCount "62"]
[EventDate "2021.??.??"]
[EventType "blitz"]

1. e4 e5 2. Nf3 d5 3. Nxe5 Bd6 4. d4 dxe4 5. Nc3 Bxe5 6. dxe5 Qxd1+ 7. Nxd1 Nc6
8. Nc3 Bf5 9. Bb5 Nge7 10. Bg5 h6 11. Bxe7 Kxe7 12. Bxc6 bxc6 13. O-O-O Rad8
14. Rxd8 Rxd8 15. Re1 Rd4 16. Ne2 Rd5 17. Ng3 Bg6 18. f4 exf3 19. gxf3 Ke6 20.
f4 Rd4 21. Rf1 Bf5 22. c3 Ra4 23. a3 g6 24. Kd2 h5 25. Ne2 c5 26. Ke3 Re4+ 27.
Kd2 h4 28. b4 Bg4 29. Nc1 c4 30. b5 Kf5 31. Na2 Re2+ {Normal} 0-1

[Event "Rated Blitz tournament jOCkETW0"]
[Site "?"]
[Date "2021.04.18"]
[Round "?"]
[White "yesaiedo"]
[Black "babageldi2277"]
[Result "0-1"]
[WhiteElo "2536"]
[BlackElo "2657"]
[PlyCount "78"]
[EventDate "2021.??.??"]
[EventType "blitz"]

1. e4 e5 2. Nf3 d5 3. exd5 e4 4. Qe2 Be7 5. Qxe4 Nf6 6. Bb5+ Nbd7 7. Qe2 O-O 8.
O-O Nxd5 9. d4 c6 10. Bd3 Bd6 11. c3 N7f6 12. h3 Re8 13. Qd1 h6 14. Na3 Bxa3
15. bxa3 Nxc3 16. Qb3 Ne2+ 17. Bxe2 Rxe2 18. Be3 Qb6 19. Qd3 Qb5 20. Qxb5 cxb5
21. Rfc1 Nd5 22. Kf1 Rb2 23. Bd2 Be6 24. Bc3 Nxc3 25. Rxc3 Rd8 26. Rc7 Bd5 27.
Kg1 Bxf3 28. gxf3 Rxd4 29. Rxb7 Rdd2 30. Rf1 a5 31. Ra7 a4 32. Rb7 Rd3 33. Re1
Rxf3 34. Rf1 Rxa3 35. Kg2 Raxa2 36. Rc7 a3 37. Kg3 b4 38. f3 Rc2 39. Re1 Rxc7 {
Normal} 0-1

[Event "Rated Blitz tournament jOCkETW0"]
[Site "?"]
[Date "2021.04.18"]
[Round "?"]
[White "UmutErdemG"]
[Black "dr_xStranger"]
[Result "0-1"]
[WhiteElo "2367"]
[BlackElo "2506"]
[PlyCount "40"]
[EventDate "2021.??.??"]
[EventType "blitz"]

1. e4 e5 2. Nf3 d5 3. exd5 e4 4. Ne5 Qxd5 5. d4 exd3 6. Nxd3 Nf6 7. Nc3 Qd8 8.
Be2 Bd6 9. O-O h6 10. Bf4 O-O 11. Bxd6 Qxd6 12. Bf3 Nc6 13. Ne4 Nxe4 14. Bxe4
Be6 15. Qh5 f5 16. Bxc6 Qxc6 17. Rfe1 Rae8 18. Re2 Bf7 19. Qf3 Qxf3 20. Rxe8
Qc6 {Normal} 0-1

[Event "Rated Blitz tournament jOCkETW0"]
[Site "?"]
[Date "2021.04.18"]
[Round "?"]
[White "Saparmyrat"]
[Black "dr_xStranger"]
[Result "1-0"]
[WhiteElo "2614"]
[BlackElo "2527"]
[PlyCount "37"]
[EventDate "2021.??.??"]
[EventType "blitz"]

1. e4 e5 2. Nf3 d5 3. Nxe5 Bd6 4. d4 dxe4 5. Nc4 Nf6 6. Nxd6+ Qxd6 7. Nc3 O-O
8. Bg5 Re8 9. Bc4 h6 10. Bh4 Bg4 11. Qd2 Nc6 12. h3 Bh5 13. g4 Bg6 14. O-O-O a6
15. g5 hxg5 16. Qxg5 Rad8 17. Qxg6 Qf4+ 18. Kb1 Nd5 19. Bxd5 {Normal} 1-0

[Event "Rated Blitz tournament J5QbBvZr"]
[Site "?"]
[Date "2021.04.18"]
[Round "?"]
[White "Sanjacobid19"]
[Black "jflup"]
[Result "0-1"]
[WhiteElo "2236"]
[BlackElo "2414"]
[PlyCount "46"]
[EventDate "2021.??.??"]
[EventType "blitz"]

1. e4 e5 2. Nf3 d5 3. Nxe5 Bd6 4. d4 dxe4 5. Nc4 Be7 6. Nc3 Nf6 7. Bg5 Nc6 8.
Bxf6 Bxf6 9. Nxe4 Bxd4 10. c3 Qe7 11. Qe2 Be5 12. Nxe5 Qxe5 13. Ng3 O-O 14.
Qxe5 Nxe5 15. Be2 Be6 16. O-O Rfd8 17. Rad1 Bxa2 18. Nf5 Kf8 19. f4 Bc4 20.
Rde1 Nd3 21. Rb1 Re8 22. Bf3 Nc5 23. Rfe1 Bd3 {Normal} 0-1

[Event "Rated Blitz game"]
[Site "?"]
[Date "2021.04.18"]
[Round "?"]
[White "Buscapina"]
[Black "KamranShirazi"]
[Result "1-0"]
[WhiteElo "2582"]
[BlackElo "2558"]
[PlyCount "85"]
[EventDate "2021.??.??"]
[EventType "blitz"]

1. e4 e5 2. Nf3 d5 3. exd5 e4 4. Qe2 Nf6 5. d3 Bb4+ 6. c3 O-O 7. dxe4 Bc5 8.
Bg5 c6 9. e5 Re8 10. Nbd2 Qxd5 11. Qc4 Ng4 12. Qxd5 cxd5 13. Bb5 Nc6 14. Bxc6
bxc6 15. O-O Nxe5 16. Nxe5 Rxe5 17. Rae1 f6 18. Bf4 Rf5 19. Be3 Bd6 20. Nb3 Ba6
21. Nd4 Rh5 22. g3 Bxf1 23. Kxf1 Rc8 24. Kg2 c5 25. Nb5 Bb8 26. Bd2 Re5 27. Rd1
a6 28. Na3 Ba7 29. Bf4 Re2 30. Rxd5 c4 31. Rd7 Bxf2 32. Kf3 Rxb2 33. Bc7 Rb7
34. Kxf2 Rcxc7 35. Rd6 Rb2+ 36. Kf3 Rxa2 37. Rxa6 Kf7 38. h4 h5 39. Ke4 g6 40.
Kd4 Re2 41. Nxc4 Rd7+ 42. Kc5 Re6 43. Nd6+ {Time forfeit} 1-0

[Event "Rated Blitz tournament cduVIQ9q"]
[Site "?"]
[Date "2021.04.18"]
[Round "?"]
[White "Ezinez"]
[Black "DonCroccante"]
[Result "0-1"]
[WhiteElo "2399"]
[BlackElo "2402"]
[PlyCount "144"]
[EventDate "2021.??.??"]
[EventType "blitz"]

1. e4 e5 2. Nf3 d5 3. exd5 e4 4. Ne5 Nf6 5. d4 Bd6 6. Nc3 c6 7. dxc6 Nxc6 8.
Nxc6 bxc6 9. Be2 Qc7 10. Bg5 Bf5 11. Qd2 Nd7 12. d5 O-O 13. h3 Rab8 14. b3 h6
15. Be3 Bb4 16. a3 Bd6 17. O-O Be5 18. Bd4 Rfd8 19. Rad1 Bf4 20. Be3 Bh2+ 21.
Kh1 Nf6 22. Bc4 Be5 23. Bd4 Bf4 24. Qe2 Nxd5 25. Bxd5 cxd5 26. f3 Re8 27. Nxd5
Qd6 28. Nxf4 Qxf4 29. fxe4 Qxe4 30. Qxe4 Bxe4 31. Rd2 Rec8 32. Rff2 a5 33. Be5
Rb6 34. Rfe2 f5 35. Bd6 Rbc6 36. c4 a4 37. bxa4 Rxc4 38. a5 g5 39. Bb4 h5 40.
a6 h4 41. a7 Ra8 42. Rd7 Rc1+ 43. Kh2 Rc2 44. Rxc2 Bxc2 45. Rb7 Be4 46. Rb8+
Kf7 47. Rxa8 Bxa8 48. Bd2 Kg6 49. Kg1 g4 50. Kf2 Kh5 51. hxg4+ Kxg4 52. Kg1 h3
53. gxh3+ Kxh3 54. Kf2 Kg4 55. Be3 Bb7 56. Bd4 Kf4 57. Be5+ Ke4 58. Bd6 Ba8 59.
Bb8 Kd5 60. Ke2 Kc6 61. Ke3 Kb5 62. Kf4 Ka4 63. Kxf5 Kxa3 64. Ke5 Ka4 65. Kd6
Ka5 66. Kc7 Ka6 67. Kc8 Bb7+ 68. Kc7 Ba8 69. Kd8 Kb6 70. Bc7+ Kb7 71. Kd7 Ka6
72. Kd6 Bb7 {Time forfeit} 0-1

[Event "Rated Blitz game"]
[Site "?"]
[Date "2021.04.18"]
[Round "?"]
[White "Buscapina"]
[Black "KamranShirazi"]
[Result "1-0"]
[WhiteElo "2570"]
[BlackElo "2569"]
[PlyCount "103"]
[EventDate "2021.??.??"]
[EventType "blitz"]

1. e4 e5 2. Nf3 d5 3. exd5 e4 4. Qe2 Nf6 5. d3 Bb4+ 6. c3 O-O 7. dxe4 Bc5 8.
Bg5 Re8 9. Nbd2 c6 10. O-O-O cxd5 11. Nb3 Bb6 12. e5 Nc6 13. Nbd4 h6 14. Nxc6
bxc6 15. Bxf6 gxf6 16. Qd2 Kg7 17. Qf4 fxe5 18. Nxe5 Qg5 19. Qxg5+ hxg5 20.
Nxc6 Bxf2 21. Bd3 Bd7 22. Nd4 Rac8 23. Kb1 Ba4 24. Nb3 d4 25. Bf5 Bxb3 26. axb3
Rc5 27. Bd3 dxc3 28. bxc3 Rxc3 29. Bc4 Rb8 30. Rc1 Re3 31. Rhf1 Bh4 32. g3 Bxg3
33. hxg3 Rxg3 34. Rxf7+ Kg6 35. Rcf1 Rb6 36. Kc2 g4 37. R7f5 Rd6 38. Bf7+ Kg7
39. Bh5 Kh6 40. Rh1 Rc6+ 41. Kb2 Rb6 42. Bxg4+ Kg6 43. Rf4 Rbxb3+ 44. Kc2 Kg5
45. Rhf1 Rgc3+ 46. Kd2 Rd3+ 47. Ke2 Re3+ 48. Kd1 Red3+ 49. Ke1 Re3+ 50. Be2 Rb2
51. Rf5+ Kg6 52. Rf6+ {Time forfeit} 1-0

[Event "Rated Blitz game"]
[Site "?"]
[Date "2021.04.18"]
[Round "?"]
[White "Slevin37"]
[Black "Jomajo"]
[Result "0-1"]
[WhiteElo "2547"]
[BlackElo "2623"]
[PlyCount "106"]
[EventDate "2021.??.??"]
[EventType "blitz"]

1. e4 e5 2. Nf3 d5 3. exd5 e4 4. Qe2 Qe7 5. Nd4 Nf6 6. Nc3 Qe5 7. Nb3 Nbd7 8.
d4 exd3 9. cxd3 Bb4 10. Bd2 O-O 11. O-O-O Bxc3 12. Bxc3 Qxd5 13. Rg1 a5 14. Kb1
a4 15. Nc1 Re8 16. Qd2 Nc5 17. g4 Be6 18. Bg2 Qd7 19. g5 Nd5 20. Bxd5 Qxd5 21.
h4 Red8 22. Rg3 Bf5 23. Ka1 Ra6 24. h5 Nb3+ 25. Nxb3 axb3 26. a3 b5 27. h6 c5
28. Bxg7 b4 29. g6 fxg6 30. Re3 bxa3 31. Qe1 Raa8 32. Re5 Qb7 33. Rxf5 gxf5 34.
Qe6+ Qf7 35. Qxf7+ Kxf7 36. bxa3 c4 37. Kb2 Rxd3 38. Rxd3 cxd3 39. Kxb3 Rc8 40.
Bc3 Ke6 41. a4 Kd5 42. a5 Ke4 43. Bd2 Kf3 44. Be3 Ke2 45. a6 d2 46. Bxd2 Kxd2
47. Kb4 Ke2 48. f4 Ke3 49. Kb5 Kxf4 50. Kb6 Kg5 51. Kb7 Rf8 52. a7 Kxh6 53.
a8=Q Rxa8 {Time forfeit} 0-1

[Event "Rated Blitz game"]
[Site "?"]
[Date "2021.04.18"]
[Round "?"]
[White "knightking64"]
[Black "magos33"]
[Result "0-1"]
[WhiteElo "2378"]
[BlackElo "2418"]
[PlyCount "96"]
[EventDate "2021.??.??"]
[EventType "blitz"]

1. e4 e5 2. Nf3 d5 3. d4 dxe4 4. Nxe5 Bd6 5. Bc4 Bxe5 6. dxe5 Qxd1+ 7. Kxd1 Nc6
8. Re1 Bf5 9. Nc3 O-O-O+ 10. Ke2 Nxe5 11. Bd5 Nf6 12. Bb3 Bg6 13. Bg5 Rhe8 14.
Kf1 Nc6 15. Rad1 Nd4 16. Nd5 Nxb3 17. Bxf6 gxf6 18. axb3 f5 19. Nf4 Rxd1 20.
Rxd1 Rd8 21. Rxd8+ Kxd8 22. h4 h5 23. Ke2 c6 24. Ke3 Kd7 25. Kd4 Kd6 26. b4 b6
27. Ne2 f6 28. Nf4 Bf7 29. g3 c5+ 30. bxc5+ bxc5+ 31. Kc3 a5 32. Kd2 Ke5 33.
Ke3 a4 34. c3 Kd6 35. Ne2 Kc6 36. Kf4 Be6 37. Ke3 Kb5 38. Kd2 Kc4 39. Kc2 Bf7
40. Nf4 Kb5 41. Ng2 Kc6 42. Ne3 Be6 43. Ng2 Kd5 44. Nf4+ Ke5 45. Nxh5 e3 46.
fxe3 Ke4 47. Kd2 Kf3 48. Nf4 Bf7 {Time forfeit} 0-1

[Event "Rated Blitz tournament 6vsBu3AN"]
[Site "?"]
[Date "2021.04.18"]
[Round "?"]
[White "karagioules"]
[Black "Henrik_95"]
[Result "0-1"]
[WhiteElo "2451"]
[BlackElo "2373"]
[PlyCount "64"]
[EventDate "2021.??.??"]
[EventType "blitz"]

1. e4 e5 2. Nf3 d5 3. exd5 e4 4. Qe2 Nf6 5. Nc3 Be7 6. Nxe4 Nxd5 7. d4 O-O 8.
Qd1 Bb4+ 9. c3 Re8 10. cxb4 Rxe4+ 11. Be2 Nxb4 12. O-O h6 13. a3 Nd5 14. Ne5
Nc6 15. Nxc6 bxc6 16. Qc2 Qe8 17. Bf3 Re7 18. b4 Be6 19. Bb2 Rd8 20. Rac1 Rd6
21. a4 Nxb4 22. Qd2 a5 23. Rc5 Bd5 24. Rxa5 Bxf3 25. Qxb4 Rg6 26. g3 Qd7 27.
Qb3 Bd5 28. Qd3 Qh3 29. Ra8+ Kh7 30. f3 f5 31. Rf2 Re1+ 32. Rf1 Rxg3+ {Normal}
0-1

[Event "Rated Blitz game"]
[Site "?"]
[Date "2021.04.18"]
[Round "?"]
[White "h16"]
[Black "Slimslik02"]
[Result "0-1"]
[WhiteElo "2494"]
[BlackElo "2340"]
[PlyCount "130"]
[EventDate "2021.??.??"]
[EventType "blitz"]

1. e4 e5 2. Nf3 d5 3. exd5 e4 4. Qe2 Nf6 5. Nc3 Bb4 6. Qb5+ c6 7. Qxb4 exf3 8.
gxf3 cxd5 9. Bb5+ Nc6 10. Kd1 Be6 11. d3 d4 12. Ne4 Qd5 13. Qc5 Qxc5 14. Nxc5
Bd5 15. Re1+ Kf8 16. Bf4 Bxf3+ 17. Kd2 g6 18. Bh6+ Kg8 19. Nxb7 Ng4 20. Bf4 Kg7
21. h3 Nf6 22. Nc5 Nd5 23. Bg3 Rac8 24. Ba6 Rce8 25. Bb7 Na5 26. Rxe8 Rxe8 27.
Re1 Rxe1 28. Kxe1 Nxb7 29. Nxb7 Nb4 30. Nc5 Nxc2+ 31. Kd2 Nb4 32. Be5+ f6 33.
Bxd4 Nc6 34. Be3 Bd5 35. Kc3 Bxa2 36. b3 Bb1 37. Kb2 Bxd3 38. Nxd3 f5 39. Kc3
Kf7 40. Bc5 Ke6 41. b4 Kd5 42. Nf4+ Ke4 43. Nd3 Nd4 44. b5 Nxb5+ 45. Kc4 Nc7
46. Bxa7 Ne6 47. Bc5 f4 48. Bd6 Kf3 49. Nxf4 Nxf4 50. Bxf4 Kxf4 51. Kd3 Kf3 52.
Kd2 Kxf2 53. Kd1 Kg3 54. Kd2 Kxh3 55. Ke2 g5 56. Ke1 h5 57. Kf1 g4 58. Kg1 h4
59. Kh1 Kg3 60. Kg1 Kf3 61. Kh1 g3 62. Kg1 h3 63. Kh1 g2+ 64. Kg1 Kg4 65. Kh2
Kh4 {Time forfeit} 0-1

[Event "Rated Blitz game"]
[Site "?"]
[Date "2021.04.18"]
[Round "?"]
[White "LordBond33"]
[Black "qnefe"]
[Result "0-1"]
[WhiteElo "2246"]
[BlackElo "2403"]
[PlyCount "148"]
[EventDate "2021.??.??"]
[EventType "blitz"]

1. e4 e5 2. Nf3 d5 3. Nxe5 Bd6 4. d4 dxe4 5. Nc3 Nf6 6. Bg5 Bf5 7. Bc4 O-O 8.
O-O a6 9. Nd5 Bg6 10. Nxg6 hxg6 11. Re1 Re8 12. c3 c6 13. Nxf6+ gxf6 14. Bh4
Nd7 15. Qg4 Kg7 16. Rxe4 f5 17. Rxe8 Qxe8 18. Qg5 Qe4 19. f3 Qc2 20. Qc1 Qxc1+
21. Rxc1 Re8 22. Re1 Rxe1+ 23. Bxe1 b5 24. Bd3 Nb6 25. b3 c5 26. dxc5 Bxc5+ 27.
Kf1 Nd5 28. Ke2 Nf4+ 29. Kd2 Nxg2 30. c4 Bb4+ 31. Ke2 Nxe1 32. cxb5 Nxd3 33.
bxa6 Nf4+ 34. Ke3 Nd5+ 35. Kd4 Nc7 36. Kc4 Bd6 37. a7 Bxh2 38. Kc5 Bg1+ 39. Kc6
Bxa7 40. Kxc7 g5 41. b4 g4 42. fxg4 fxg4 43. b5 g3 44. a4 g2 45. a5 g1=Q 46. b6
Bxb6+ 47. axb6 Qxb6+ 48. Kxb6 Kg6 49. Kc5 Kg5 50. Kd4 Kg4 51. Ke3 Kg3 52. Ke4
Kg4 53. Ke3 f5 54. Kf2 Kf4 55. Kg2 Ke3 56. Kf1 Kf3 57. Kg1 Ke2 58. Kg2 f4 59.
Kh3 f3 60. Kg4 f2 61. Kf5 f1=Q+ 62. Ke5 Qf3 63. Kd6 Qe3 64. Kd5 Kd2 65. Kc6 Qd3
66. Kc5 Kc3 67. Kc6 Qd4 68. Kb5 Qe5+ 69. Kc6 Kc4 70. Kb6 Qd6+ 71. Kb7 Kb5 72.
Kc8 Qe7 73. Kb8 Kb6 74. Kc8 Qc7# {Normal} 0-1

[Event "Rated Blitz tournament qbk3FsC4"]
[Site "?"]
[Date "2021.04.18"]
[Round "?"]
[White "octo_dami"]
[Black "om_gendut"]
[Result "1/2-1/2"]
[WhiteElo "2361"]
[BlackElo "2426"]
[PlyCount "21"]
[EventDate "2021.??.??"]
[EventType "blitz"]

1. e4 e5 2. Nf3 d5 3. exd5 e4 4. Qe2 Be7 5. Nd4 Qxd5 6. Qb5+ Qxb5 7. Nxb5 Na6
8. N5c3 Nb4 9. Na3 Nf6 10. Be2 O-O 11. O-O {Normal} 1/2-1/2

[Event "Rated Blitz game"]
[Site "?"]
[Date "2021.04.18"]
[Round "?"]
[White "alidomat"]
[Black "Gifroy"]
[Result "1-0"]
[WhiteElo "2312"]
[BlackElo "2400"]
[PlyCount "87"]
[EventDate "2021.??.??"]
[EventType "blitz"]

1. e4 e5 2. Nf3 d5 3. Nxe5 Bd6 4. d4 dxe4 5. Nc4 Be7 6. Nc3 Bf5 7. Bf4 Nf6 8.
Qd2 O-O 9. O-O-O Bb4 10. a3 Bxc3 11. Qxc3 Nd5 12. Qd2 Nc6 13. Ne5 f6 14. Nc4 b5
15. Ne3 Nxe3 16. Bxe3 a6 17. g4 Bg6 18. h4 Ne7 19. h5 Bf7 20. g5 Nd5 21. g6
hxg6 22. hxg6 Bxg6 23. Be2 Kf7 24. Rhg1 Ne7 25. Rg2 Bf5 26. Rdg1 g6 27. Bg4 Qd7
28. Bxf5 Qxf5 29. Qc3 Nd5 30. Qc6 Rg8 31. Rh2 Rae8 32. Rgh1 Rg7 33. Rh8 Re7 34.
Qa8 Nxe3 35. Rf8+ Ke6 36. Qc8+ Kd6 37. Rd8+ Rd7 38. Qxa6+ c6 39. Rxd7+ Qxd7 40.
fxe3 Qc7 41. Rh8 g5 42. Qa8 g4 43. Qf8+ Qe7 44. Qb8+ {Time forfeit} 1-0

[Event "Rated Blitz game"]
[Site "?"]
[Date "2021.04.18"]
[Round "?"]
[White "carbohydratprotein"]
[Black "DarthZannah"]
[Result "0-1"]
[WhiteElo "2470"]
[BlackElo "2494"]
[PlyCount "52"]
[EventDate "2021.??.??"]
[EventType "blitz"]

1. e4 e5 2. Nf3 d5 3. exd5 e4 4. Qe2 Nf6 5. Nc3 Be7 6. Nxe4 O-O 7. d3 Qxd5 8.
Nc3 Qa5 9. Bd2 Re8 10. O-O-O Bb4 11. Ne4 Nxe4 12. Bxb4 Qxb4 13. dxe4 Nc6 14.
Qb5 Qxe4 15. Bd3 Qf4+ 16. Kb1 Be6 17. Rhe1 a6 18. Qc5 Nb4 19. Bxh7+ Kxh7 20.
Ng5+ Kg8 21. Nxe6 Rxe6 22. Rxe6 fxe6 23. Rd4 Qxf2 24. b3 Nd5 25. c4 Nc3+ 26.
Kc1 Qxd4 {Normal} 0-1